000
00319nam a22001457a 4500
008
210512b ||||| |||| 00| 0 eng d
020
_a
9780131731233
041
_a
eng
080
_a
615
082
_a
615
100
_a
5
101
_a
FAR
245
_a
Pharmacology for Nurses
_c
Michael P. Adams
942
_2
udc
_c
BK
999
_c
57295
_d
57295